[Event "Chicago Open"]
[Site "Chicago"]
[Date "2009.05.24"]
[Round "1.251"]
[White "Georgiev, Vladimir"]
[Black "Petrosian, Tigran"]
[Result "1/2-1/2"]
[WhiteElo "2585"]
[BlackElo "2698"]
[PlyCount "85"]
[EventDate "2009.05.??"]
[SourceDate "2009.05.23"]

1. d4 d5 2. Nf3 e6 3. c4 c5 4. cxd5 exd5 5. Nc3 Nc6 6. Bf4 Nf6 7. e3 c4 8. Be2
Bb4 9. Ne5 Ne4 10. Nxc6 bxc6 11. Qa4 Qb6 12. Rc1 Qb5 13. Qxb5 cxb5 14. Bf3 Bb7
15. a4 bxa4 16. Bxe4 dxe4 17. O-O Bxc3 18. Rxc3 Ba6 19. f3 f5 20. fxe4 fxe4 21.
Be5 Rf8 22. Rf4 Rxf4 23. exf4 Kf7 24. Rh3 Rc8 25. d5 c3 26. Bxc3 Bd3 27. Be5
Rc2 28. Rg3 g6 29. h4 Re2 30. h5 e3 31. hxg6+ hxg6 32. Bc3 Be4 33. d6 Ke6 34.
Kf1 Bd3 35. Rxg6+ Kd7 36. Rg7+ Kxd6 37. Kg1 Rc2 38. Rg3 a3 39. Bb4+ Kd5 40.
bxa3 Be4 41. f5 Rc1+ 42. Kh2 e2 43. f6 1/2-1/2

[Event "Chicago Open"]
[Site "Chicago"]
[Date "2009.05.24"]
[Round "1.253"]
[White "Becker, Allen"]
[Black "Ehlvest, Jaan"]
[Result "0-1"]
[WhiteElo "2014"]
[BlackElo "2649"]
[PlyCount "48"]
[EventDate "2009.05.??"]
[SourceDate "2009.05.23"]

1. c4 g6 2. Nc3 Bg7 3. g3 f5 4. Bg2 Nf6 5. e3 e5 6. Nge2 O-O 7. O-O d6 8. Rb1
c6 9. d4 Be6 10. d5 Bf7 11. f4 e4 12. b3 cxd5 13. Nxd5 Nxd5 14. cxd5 Na6 15.
Bb2 Bxb2 16. Rxb2 Nb4 17. Rd2 Rc8 18. a3 Nd3 19. Rxd3 exd3 20. Qxd3 Re8 21. Nd4
Qc7 22. Rd1 a6 23. h4 Qc3 24. h5 Rxe3 0-1

[Event "Chicago Open"]
[Site "Chicago"]
[Date "2009.05.22"]
[Round "1.1"]
[White "Amanov, Mesgen"]
[Black "Sargissian, Gabriel"]
[Result "0-1"]
[WhiteElo "2394"]
[BlackElo "2760"]
[PlyCount "78"]
[EventDate "2009.05.??"]
[SourceDate "2009.05.23"]

1. d4 Nf6 2. Nf3 e6 3. c4 d5 4. Nc3 Nbd7 5. Bg5 Bb4 6. e3 c5 7. cxd5 exd5 8.
Bd3 c4 9. Bf5 Be7 10. Bxd7+ Qxd7 11. Ne5 Qf5 12. Qa4+ Kf8 13. f4 h6 14. Bh4 Qe6
15. O-O Qd6 16. f5 a6 17. e4 b5 18. Nxb5 Qb6 19. Nc3 Qxd4+ 20. Kh1 Qxe5 21.
exd5 Qc7 22. Bg3 Qd7 23. d6 Bd8 24. Qxc4 Bb7 25. Rad1 Rc8 26. Qd4 Kg8 27. Rd2
Kh7 28. a4 Re8 29. h3 Ne4 30. Nxe4 Rxe4 31. Qd3 Bf6 32. a5 Rc5 33. Rc2 Rd4 34.
Qe2 Rxc2 35. Qxc2 Qb5 36. Re1 Qxa5 37. Qb3 Bd5 38. Qb8 Qd2 39. Rg1 Rb4 0-1

[Event "Chicago Open"]
[Site "Chicago"]
[Date "2009.05.22"]
[Round "1.2"]
[White "Van Wely, Loek"]
[Black "Kleiman, Jake"]
[Result "1-0"]
[WhiteElo "2730"]
[BlackElo "2373"]
[PlyCount "103"]
[EventDate "2009.05.??"]
[SourceDate "2009.05.23"]

1. d4 d5 2. c4 c6 3. Nf3 Nf6 4. Nc3 e6 5. Bg5 h6 6. Bxf6 Qxf6 7. e3 Nd7 8. Bd3
dxc4 9. Bxc4 g6 10. O-O Bg7 11. Rc1 O-O 12. Qe2 Qe7 13. Rfd1 a6 14. Bd3 c5 15.
Ne4 cxd4 16. exd4 e5 17. d5 f5 18. d6 Qd8 19. Nc5 e4 20. Bc4+ Kh8 21. Ne6 exf3
22. gxf3 Qf6 23. Nxf8 Qg5+ 24. Kf1 Nxf8 25. Qe8 Kh7 26. Be2 Ne6 27. Rxc8 Rxc8
28. Qxc8 Nf4 29. Qxb7 Qg2+ 30. Ke1 Qg1+ 31. Bf1 Ng2+ 32. Ke2 Nf4+ 33. Kd2 Qxf2+
34. Kc1 Ne6 35. d7 Nd8 36. Qb3 a5 37. Bb5 Qxh2 38. Re1 h5 39. a4 h4 40. Kb1 Bf6
41. Ka2 Qf2 42. Re8 Kh6 43. Re2 Qg3 44. Qe3+ Kg7 45. f4 Qg4 46. Rd2 Qh5 47. Rd6
Nf7 48. Rxf6 Kxf6 49. d8=Q+ Nxd8 50. Qe5+ Kf7 51. Bc4+ Kf8 52. Qf6+ 1-0

[Event "Chicago Open"]
[Site "Chicago"]
[Date "2009.05.23"]
[Round "1.3"]
[White "Pullin, Matthew"]
[Black "Perelshteyn, Eugene"]
[Result "0-1"]
[WhiteElo "2032"]
[BlackElo "2599"]
[PlyCount "66"]
[EventDate "2009.05.??"]
[SourceDate "2009.05.23"]

1. Nf3 Nf6 2. d4 g6 3. c4 Bg7 4. Nc3 d6 5. e4 O-O 6. Bd3 Na6 7. O-O e5 8. h3
exd4 9. Nxd4 Nc5 10. Bc2 Re8 11. Re1 c6 12. Nb3 Be6 13. Bf4 Bf8 14. Nd2 a5 15.
Qf3 Nfd7 16. Qg3 Ne5 17. Rad1 Qb6 18. b3 a4 19. Be3 axb3 20. axb3 Qb4 21. Bd4
b5 22. f4 bxc4 23. fxe5 cxb3 24. Nxb3 Nxb3 25. Bxb3 Bxb3 26. Rd3 dxe5 27. Bf2
Bc4 28. Rf3 Ra3 29. Rb1 Qe7 30. Rc1 Rea8 31. Be3 Ra1 32. Qe1 Rxc1 33. Qxc1 Qa3
0-1

[Event "Chicago Open"]
[Site "Chicago"]
[Date "2009.05.22"]
[Round "1.4"]
[White "Shabalov, Alexander"]
[Black "Melekhina, Alisa"]
[Result "1-0"]
[WhiteElo "2620"]
[BlackElo "2322"]
[PlyCount "61"]
[EventDate "2009.05.??"]
[SourceDate "2009.05.23"]

1. e4 b6 2. d4 Bb7 3. Bd3 Nf6 4. Qe2 Nc6 5. c3 e5 6. Nf3 d6 7. O-O Nd7 8. a4 a5
9. Na3 Be7 10. Nc2 Bf6 11. Be3 O-O 12. Nd2 Qc8 13. f4 Ne7 14. Qg4 Ba6 15. Bxa6
Rxa6 16. Rf3 exf4 17. Rxf4 Ng6 18. Rf2 c5 19. Na3 Nb8 20. Qe2 Qd8 21. Nb5 Re8
22. Rd1 cxd4 23. Bxd4 Bxd4 24. cxd4 d5 25. e5 Ra8 26. Qf3 Qd7 27. Nd6 Nc6 28.
Qxd5 Rf8 29. Rdf1 Ra7 30. Rxf7 Rxf7 31. Rxf7 1-0

[Event "Chicago Open"]
[Site "Chicago"]
[Date "2009.05.23"]
[Round "1.4"]
[White "Lwin, Aung"]
[Black "Madison, Jeremy"]
[Result "1/2-1/2"]
[WhiteElo "2313"]
[BlackElo "1922"]
[PlyCount "84"]
[EventDate "2009.05.??"]
[SourceDate "2009.05.23"]

1. e4 e5 2. Nf3 d6 3. d4 exd4 4. Nxd4 g6 5. Nc3 Bg7 6. Bc4 Nf6 7. O-O O-O 8.
Bb3 Nbd7 9. Bg5 Nc5 10. f3 Nxb3 11. axb3 c6 12. Qd2 Re8 13. Rfe1 Qc7 14. Rad1
Be6 15. Bf4 Rad8 16. Nxe6 Rxe6 17. e5 Ne8 18. exd6 Rxe1+ 19. Rxe1 Nxd6 20. Bxd6
Bxc3 21. Bxc7 Bxd2 22. Re7 Rd5 23. Kf1 Kf8 24. Re5 Rd7 25. Re2 Rxc7 26. Rxd2
Ke8 27. Ke2 Rd7 28. Rxd7 Kxd7 29. Kd3 Kd6 30. Kd4 f5 31. b4 b6 32. f4 h6 33. h4
a6 34. Kc4 Ke6 35. Kd4 Kd6 36. Kc4 c5 37. b5 a5 38. b3 Ke6 39. Kd3 Kd5 40. c4+
Ke6 41. Ke3 Kf6 42. Kf3 h5 1/2-1/2

[Event "Chicago Open"]
[Site "Chicago"]
[Date "2009.05.22"]
[Round "1.8"]
[White "Smith, Bryan"]
[Black "Homa, Seth"]
[Result "1/2-1/2"]
[WhiteElo "2550"]
[BlackElo "2284"]
[PlyCount "93"]
[EventDate "2009.05.??"]
[SourceDate "2009.05.23"]

1. e4 e5 2. Nf3 Nc6 3. Bb5 a6 4. Ba4 Nf6 5. O-O Be7 6. Re1 b5 7. Bb3 d6 8. c3
O-O 9. Bc2 d5 10. d4 exd4 11. e5 Ne4 12. Nxd4 Nxd4 13. cxd4 f5 14. f3 Ng5 15.
Nc3 Kh8 16. Bb3 Be6 17. Ne2 Qd7 18. Be3 Nf7 19. Nf4 Nd8 20. a4 Nc6 21. axb5
axb5 22. Qe2 Bg5 23. Nd3 Be7 24. Nf4 Bb4 25. Red1 Rxa1 26. Rxa1 Rb8 27. Ra6 Ba5
28. Bf2 Bb6 29. Nxe6 Qxe6 30. Qxb5 Qh6 31. Qf1 Nxd4 32. Bxd5 Qd2 33. Bc4 Qxb2
34. Ra2 Qc3 35. e6 Re8 36. Bd5 c6 37. Qc4 Nxf3+ 38. gxf3 Qe1+ 39. Kg2 Bxf2 40.
Bxc6 Qg1+ 41. Kh3 g5 42. Bxe8 g4+ 43. fxg4 fxg4+ 44. Qxg4 Qf1+ 45. Qg2 Qd3+ 46.
Kg4 Qd4+ 47. Kf5 1/2-1/2

[Event "Chicago Open"]
[Site "Chicago"]
[Date "2009.05.22"]
[Round "1.10"]
[White "Garcia, Gildardo"]
[Black "Fiedler, Brian"]
[Result "1-0"]
[WhiteElo "2483"]
[BlackElo "2236"]
[PlyCount "77"]
[EventDate "2009.05.??"]
[SourceDate "2009.05.23"]

1. e4 g6 2. d4 d6 3. Bc4 Nf6 4. Qe2 Nc6 5. Nf3 Bg4 6. Nbd2 e5 7. Bb5 Nd7 8. c3
Bg7 9. h3 Bxf3 10. Nxf3 exd4 11. Bxc6 bxc6 12. cxd4 c5 13. Bg5 Qb8 14. e5 O-O
15. e6 Re8 16. exf7+ Kxf7 17. Be3 Qb4+ 18. Qd2 Rab8 19. O-O-O Qc4+ 20. Kb1 cxd4
21. Nxd4 Nc5 22. Qc2 Qxc2+ 23. Kxc2 Ne6 24. Nb3 a5 25. Rb1 a4 26. Nd2 d5 27.
Nf3 d4 28. Bd2 Nc5 29. Rhc1 Rb7 30. Ne1 Re2 31. Kd1 Rxd2+ 32. Kxd2 Bh6+ 33. Kd1
Bxc1 34. Rxc1 Ne6 35. Nf3 Rb5 36. Rc6 Ke7 37. Kc2 Kd7 38. Ra6 c5 39. Rxa4 1-0

[Event "Chicago Open"]
[Site "Chicago"]
[Date "2009.05.23"]
[Round "1.12"]
[White "Bradford, Joseph"]
[Black "Owen, Steven"]
[Result "0-1"]
[WhiteElo "2476"]
[BlackElo "2082"]
[PlyCount "46"]
[EventDate "2009.05.??"]
[SourceDate "2009.05.23"]

1. Nf3 Nf6 2. c4 g6 3. Nc3 Bg7 4. e4 d6 5. d4 O-O 6. Be2 e5 7. O-O Nc6 8. d5
Ne7 9. b4 Nh5 10. c5 f5 11. Ng5 Nf6 12. Qb3 Kh8 13. f3 Nh5 14. Rd1 Nf4 15. Bxf4
exf4 16. Rac1 fxe4 17. fxe4 Nf5 18. Nf3 Ne3 19. Rd3 g5 20. Nd1 g4 21. Nd2 Qh4
22. Bf1 Be5 23. h3 Qg3 0-1

[Event "Chicago Open"]
[Site "Chicago"]
[Date "2009.05.24"]
[Round "2.253"]
[White "Becker, Allen"]
[Black "Georgiev, Vladimir"]
[Result "0-1"]
[WhiteElo "2014"]
[BlackElo "2585"]
[PlyCount "74"]
[EventDate "2009.05.??"]
[SourceDate "2009.05.23"]

1. e4 c5 2. c4 Nc6 3. g3 h5 4. Bg2 h4 5. d3 d6 6. g4 e5 7. h3 Be7 8. Ne2 Bg5 9.
Nbc3 Bxc1 10. Rxc1 Nge7 11. O-O Ng6 12. Nd5 Be6 13. f4 exf4 14. Nexf4 Nxf4 15.
Nxf4 O-O 16. Rc2 Qg5 17. Rcf2 Qe5 18. Kh1 Nd4 19. Qe1 b5 20. b3 bxc4 21. dxc4
Bd7 22. Nd5 Rae8 23. Rf4 Bc6 24. g5 Bxd5 25. cxd5 Qxg5 26. Rg4 Qe7 27. Rxh4 f5
28. Qg3 Ne2 29. Qe1 Qg5 30. Kh2 Qe7 31. Kh1 f4 32. Rg4 Ng3+ 33. Rxg3 fxg3 34.
Rxf8+ Rxf8 35. Qxg3 Qe5 36. Kh2 Rf4 37. a3 a5 0-1

[Event "Chicago Open"]
[Site "Chicago"]
[Date "2009.05.23"]
[Round "2.1"]
[White "Sargissian, Gabriel"]
[Black "Garcia, Gildardo"]
[Result "1-0"]
[WhiteElo "2760"]
[BlackElo "2483"]
[PlyCount "64"]
[EventDate "2009.05.??"]
[SourceDate "2009.05.23"]

1. d4 Nf6 2. Nf3 e6 3. c4 b6 4. g3 Ba6 5. Qc2 Bb4+ 6. Bd2 Be7 7. e4 d5 8. cxd5
Bxf1 9. Kxf1 exd5 10. e5 Ne4 11. Kg2 Qd7 12. Nc3 Nxc3 13. Qxc3 O-O 14. b4 a5
15. a3 axb4 16. axb4 Na6 17. Rhb1 c5 18. bxc5 bxc5 19. Rb6 cxd4 20. Nxd4 Nc5
21. Rxa8 Rxa8 22. Qb2 h5 23. Qb1 Re8 24. Qb5 Bf8 25. Bf4 Qxb5 26. Rxb5 g6 27.
h3 Ra8 28. Be3 Ra2 29. Rb8 Kg7 30. Bg5 Nd7 31. Bf6+ Kh6 32. Rc8 Bc5 1-0

[Event "Chicago Open"]
[Site "Chicago"]
[Date "2009.05.23"]
[Round "2.2"]
[White "Sharavdorj, Dashzeveg"]
[Black "Van Wely, Loek"]
[Result "1/2-1/2"]
[WhiteElo "2482"]
[BlackElo "2730"]
[PlyCount "125"]
[EventDate "2009.05.??"]
[SourceDate "2009.05.23"]

1. d4 Nf6 2. Nf3 d5 3. c4 e6 4. Nc3 dxc4 5. e3 a6 6. a4 c5 7. Bxc4 Nc6 8. O-O
Be7 9. Qe2 cxd4 10. Rd1 O-O 11. exd4 Nb4 12. Bg5 Bd7 13. d5 exd5 14. Bxf6 Bxf6
15. Nxd5 Nxd5 16. Bxd5 Qb6 17. Ne5 Bf5 18. Nc4 Qb4 19. Qd2 Qxd2 20. Rxd2 Rad8
21. a5 Bg5 22. Ne3 Rd7 23. Rdd1 Rfd8 24. Bf3 Be6 25. Rxd7 Rxd7 26. h3 g6 27. b4
h5 28. Rb1 Bd8 29. b5 Bxa5 30. bxa6 bxa6 31. Ra1 Bc3 32. Rxa6 Rd2 33. Rc6 Bd4
34. Rc1 Rb2 35. Rd1 Bb6 36. g4 hxg4 37. hxg4 Kg7 38. Re1 Kh6 39. Kg2 Kg5 40.
Kg3 Rb3 41. Bd1 Bc7+ 42. Kg2 Rb1 43. Rg1 Bb6 44. Kh2 Ba7 45. Bf3 Rxg1 46. Kxg1
Bxe3 47. fxe3 Bxg4 48. Bc6 Kh4 49. Kg2 g5 50. Kh2 Bd1 51. Bd5 f6 52. Kg2 g4 53.
Bc6 Bc2 54. Bd5 g3 55. Bf3 f5 56. Be2 Be4+ 57. Kg1 Kh3 58. Bd1 g2 59. Ba4 Kg3
60. Bd7 Kf3 61. Bc8 Kxe3 62. Bxf5 Bxf5 63. Kxg2 1/2-1/2

[Event "Chicago Open"]
[Site "Chicago"]
[Date "2009.05.23"]
[Round "2.3"]
[White "Madison, Jeremy"]
[Black "Morshedi, Ali"]
[Result "0-1"]
[WhiteElo "1922"]
[BlackElo "2294"]
[PlyCount "76"]
[EventDate "2009.05.??"]
[SourceDate "2009.05.23"]

1. d4 Nf6 2. c4 g6 3. Nc3 Bg7 4. e4 d6 5. f3 O-O 6. Be3 Nc6 7. Qd2 a6 8. Nge2
Rb8 9. Rc1 Re8 10. Bh6 Bxh6 11. Qxh6 e5 12. d5 Nd4 13. Ng3 c5 14. Bd3 b5 15.
cxb5 axb5 16. h4 c4 17. Bb1 b4 18. Nd1 Ba6 19. h5 c3 20. bxc3 bxc3 21. Ne3 Rxb1
22. Rxb1 c2 23. Nxc2 Nxc2+ 24. Kf2 Qe7 25. Kg1 Nd4 26. Qe3 Rc8 27. Rh3 Nd7 28.
h6 Nc5 29. Rd1 Rb8 30. Rxd4 exd4 31. Qxd4 Qe5 32. Qd2 Nd3 33. Qa5 Nf4 34. Qc7
Nxh3+ 35. Kh2 Rc8 36. Qa7 Nf4 37. Qxa6 Rf8 38. a4 Nh5 0-1

[Event "Chicago Open"]
[Site "Chicago"]
[Date "2009.05.23"]
[Round "2.4"]
[White "Molner, Mackenzie"]
[Black "Shabalov, Alexander"]
[Result "0-1"]
[WhiteElo "2416"]
[BlackElo "2620"]
[PlyCount "70"]
[EventDate "2009.05.??"]
[SourceDate "2009.05.23"]

1. e4 c5 2. Nf3 d6 3. d4 cxd4 4. Nxd4 Nf6 5. Nc3 a6 6. Bg5 e6 7. f4 Be7 8. Qf3
h6 9. Bh4 g5 10. fxg5 Nfd7 11. Qh5 Ne5 12. Bf2 Bxg5 13. h4 Be7 14. O-O-O Qa5
15. g4 Nbc6 16. Nb3 Qc7 17. g5 Bd7 18. gxh6 O-O-O 19. Na4 Rdg8 20. Bb6 Qb8 21.
Be3 Be8 22. Nb6+ Kc7 23. Bh3 Rg3 24. Qe2 Rxe3 25. Qxe3 Qa7 26. Nd5+ exd5 27.
Qf4 d4 28. Bf5 a5 29. Qf2 Rxh6 30. Nxd4 Nxd4 31. Qxd4 Qxd4 32. Rxd4 Nf3 33.
Rc4+ Bc6 34. h5 Bg5+ 35. Kd1 Bf6 0-1

[Event "Chicago Open"]
[Site "Chicago"]
[Date "2009.05.23"]
[Round "2.4"]
[White "Rosen, Eric"]
[Black "Pullin, Matthew"]
[Result "1-0"]
[WhiteElo "2133"]
[BlackElo "2032"]
[PlyCount "79"]
[EventDate "2009.05.??"]
[SourceDate "2009.05.23"]

1. e4 e6 2. d4 d5 3. Nd2 Nc6 4. c3 e5 5. Bb5 exd4 6. cxd4 Bd7 7. Ngf3 Nf6 8. e5
Ne4 9. Qb3 Nb4 10. Bxd7+ Qxd7 11. a3 Nc6 12. Qxb7 Rb8 13. Qa6 Rb6 14. Qd3 Nxd2
15. Qxd2 Qg4 16. O-O Be7 17. h3 Qf5 18. Qc3 O-O 19. Be3 Rfb8 20. Rac1 R8b7 21.
Rc2 Na5 22. Rfc1 Rc6 23. Qd2 Nb3 24. Qd1 Rg6 25. Rxc7 Rxc7 26. Rxc7 Qxh3 27.
Ne1 Bd8 28. Rxa7 Na5 29. Qa4 Qe6 30. Rxa5 Bxa5 31. Qxa5 h5 32. Nf3 Rxg2+ 33.
Kxg2 Qg4+ 34. Kf1 Qxf3 35. Ke1 Qh1+ 36. Ke2 h4 37. Qd8+ Kh7 38. Qg5 h3 39. Qh5+
Kg8 40. Qf3 1-0

[Event "Chicago Open"]
[Site "Chicago"]
[Date "2009.05.23"]
[Round "2.5"]
[White "Sadvakasov, Darmen"]
[Black "Holt, Conrad"]
[Result "1-0"]
[WhiteElo "2618"]
[BlackElo "2294"]
[PlyCount "117"]
[EventDate "2009.05.??"]
[SourceDate "2009.05.23"]

1. e4 e6 2. d4 d5 3. Nc3 Bb4 4. e5 c5 5. a3 Bxc3+ 6. bxc3 Ne7 7. Nf3 Nbc6 8. h4
Qa5 9. Bd2 Qa4 10. Qb1 a6 11. Qb3 Qxb3 12. cxb3 Na5 13. Rb1 c4 14. b4 Nb3 15.
h5 O-O 16. h6 Nxd2 17. Kxd2 a5 18. hxg7 Kxg7 19. b5 a4 20. Be2 Bd7 21. Bd1 b6
22. Bc2 Ng6 23. Rh3 Ra5 24. Rbh1 Rh8 25. Bxg6 fxg6 26. Rh6 Rxb5 27. Ng5 Kf8 28.
Nxh7+ Kg7 29. Ke3 Be8 30. R6h3 Bf7 31. Nf6 Rxh3+ 32. Rxh3 Rb3 33. Kf4 Rxa3 34.
Rh7+ Kf8 35. Nd7+ Ke7 36. Nxb6 Ra2 37. Kg3 Ra3 38. Kg4 Ra2 39. Kf3 g5 40. Nc8+
Kf8 41. Nd6 Bg6 42. Ra7 Bc2 43. Rf7+ Kg8 44. Kg4 Bf5+ 45. Kxg5 Rxf2 46. g4 Rg2
47. Kf6 Bxg4 48. Rg7+ Kf8 49. Rf7+ Kg8 50. Ke7 Rb2 51. Rf4 Rg2 52. Rf7 Rb2 53.
Rf4 Rg2 54. Rf8+ Kg7 55. Ne8+ Kg6 56. Nf6 Bh3 57. Rh8 Bg4 58. Nxg4 a3 59. Rg8+
1-0

[Event "Chicago Open"]
[Site "Chicago"]
[Date "2009.05.23"]
[Round "2.6"]
[White "Antal, Gergely"]
[Black "Odeh, Kenneth"]
[Result "1-0"]
[WhiteElo "2486"]
[BlackElo "1906"]
[PlyCount "75"]
[EventDate "2009.05.??"]
[SourceDate "2009.05.23"]

1. e4 c6 2. c4 d5 3. exd5 cxd5 4. cxd5 Nf6 5. Qa4+ Nbd7 6. Nc3 g6 7. Bc4 Bg7 8.
Nf3 O-O 9. d3 Nb6 10. Qb3 Bg4 11. Ne5 Bf5 12. Be3 Nxc4 13. dxc4 Nxd5 14. Nxd5
Bxe5 15. Rd1 Qa5+ 16. Bd2 Qd8 17. Bb4 Bd6 18. c5 Be5 19. f4 Bg7 20. c6 Re8 21.
O-O Be6 22. c7 Qd7 23. Nf6+ Bxf6 24. Rxd7 Bxb3 25. axb3 Kf8 26. Rfd1 Rec8 27.
Rd8+ Kg7 28. Kf2 h6 29. Bc3 Bxc3 30. bxc3 e6 31. Ke3 Kf6 32. Ke4 Ke7 33. R1d7+
Kf6 34. Rxc8 Rxc8 35. b4 e5 36. Kd5 e4 37. Kd6 e3 38. Re7 1-0

[Event "Chicago Open"]
[Site "Chicago"]
[Date "2009.05.23"]
[Round "2.9"]
[White "Homa, Seth"]
[Black "Adu, Oladapo"]
[Result "1-0"]
[WhiteElo "2284"]
[BlackElo "2344"]
[PlyCount "79"]
[EventDate "2009.05.??"]
[SourceDate "2009.05.23"]

1. d4 d5 2. c4 c6 3. Nf3 Nf6 4. e3 a6 5. Bd3 b5 6. b3 Bg4 7. Nbd2 Nbd7 8. Qc2
e6 9. Bb2 Rc8 10. O-O Bd6 11. Rfc1 O-O 12. Ne5 Bh5 13. h3 Bg6 14. Nxg6 hxg6 15.
Nf3 Qe7 16. Ne5 Nb8 17. c5 Bc7 18. b4 Nfd7 19. f4 Nxe5 20. dxe5 Qh4 21. Qf2 Qh6
22. Qg3 Nd7 23. a4 Ra8 24. Bd4 Rfe8 25. Rc2 Nf8 26. axb5 axb5 27. Rca2 Rac8 28.
Ra7 Bd8 29. Rb7 Re7 30. Rxe7 Bxe7 31. Ra7 Bh4 32. Qg4 Be1 33. Qe2 Qh4 34. Qb2
g5 35. fxg5 Qxg5 36. Qe2 Qg3 37. Qf1 f6 38. exf6 g6 39. f7+ Kh7 40. Qf6 1-0

[Event "Chicago Open"]
[Site "Chicago"]
[Date "2009.05.23"]
[Round "2.11"]
[White "Melekhina, Alisa"]
[Black "Bradford, Joseph"]
[Result "0-1"]
[WhiteElo "2322"]
[BlackElo "2476"]
[PlyCount "96"]
[EventDate "2009.05.??"]
[SourceDate "2009.05.23"]

1. e4 e6 2. d4 d5 3. exd5 exd5 4. Bd3 Nc6 5. c3 Bd6 6. Qf3 Nce7 7. Ne2 c6 8.
Ng3 g6 9. Bf4 h5 10. h3 Qc7 11. Bxd6 Qxd6 12. Ne2 Bf5 13. Nd2 Bxd3 14. Qxd3 Nf6
15. Qg3 Qxg3 16. Nxg3 O-O 17. h4 Rfe8 18. O-O Nc8 19. f3 Nd6 20. Rfe1 Kf8 21.
Kf2 a5 22. Rxe8+ Rxe8 23. a4 Nd7 24. b4 Ra8 25. Nb3 Nc4 26. Nc5 Nxc5 27. bxc5
b6 28. cxb6 Rb8 29. Ne2 Rxb6 30. Ra2 Rb1 31. f4 Ke7 32. f5 Kf6 33. fxg6 fxg6
34. g3 Kf5 35. Rc2 Ra1 36. Nf4 Nd6 37. Nd3 Rxa4 38. Ne5 c5 39. Nf3 Ne4+ 40. Kg2
c4 41. Ng1 Ra1 42. Ne2 a4 43. Nf4 a3 44. Nxd5 a2 45. Ne3+ Kf6 46. Nf1 Nxc3 47.
Rf2+ Kg7 48. Ne3 Rc1 0-1

[Event "Chicago Open"]
[Site "Chicago"]
[Date "2009.05.23"]
[Round "2.12"]
[White "Dougherty, Michael"]
[Black "Amanov, Mesgen"]
[Result "1/2-1/2"]
[WhiteElo "2268"]
[BlackElo "2394"]
[PlyCount "172"]
[EventDate "2009.05.??"]
[SourceDate "2009.05.23"]

1. Nf3 d5 2. d4 Nf6 3. e3 Bf5 4. c4 e6 5. Nc3 c6 6. Bd3 dxc4 7. Bxc4 Nbd7 8.
O-O Be7 9. Re1 O-O 10. e4 Bg4 11. h3 Bxf3 12. Qxf3 Nb6 13. Qd3 Nxc4 14. Qxc4
Qa5 15. Bf4 Rfd8 16. Rad1 Rd7 17. Re3 Rad8 18. Be5 Qb4 19. Qe2 b5 20. a3 Qc4
21. Red3 b4 22. axb4 Qxb4 23. Rg3 Ne8 24. d5 cxd5 25. exd5 exd5 26. Rd4 Qb6 27.
Rdg4 Bf6 28. Na4 Qc6 29. Rc3 Qa8 30. Rd4 Re7 31. Re3 Bxe5 32. Rxe5 Rxe5 33.
Qxe5 Qc6 34. Qe7 Qc1+ 35. Kh2 Qc7+ 36. Qxc7 Nxc7 37. Nc3 Kf8 38. f4 Ke7 39. Kg3
Kd6 40. Kf3 Kc5 41. Ra4 a6 42. f5 Rb8 43. Rh4 Rb3 44. Rxh7 d4 45. Rxg7 dxc3 46.
bxc3 Rxc3+ 47. Kg4 a5 48. Rxf7 Kd6 49. Rf8 a4 50. Rb8 Rb3 51. Rd8+ Ke7 52. Rd4
a3 53. Ra4 Kf6 54. Ra5 Nb5 55. Ra6+ Kf7 56. Kf4 Nc3 57. Ra7+ Ke8 58. Ra8+ Kd7
59. Ra7+ Kd6 60. f6 Ke6 61. f7 Rb1 62. f8=N+ Kf6 63. Rxa3 Rb4+ 64. Kf3 Ne4 65.
Ra6+ Kf7 66. Ne6 Nd2+ 67. Ke3 Nc4+ 68. Kf2 Rb2+ 69. Kg3 Kf6 70. Nd4+ Ke5 71.
Nf3+ Kf5 72. Ra4 Ne3 73. Nh4+ Ke5 74. Kf3 Nc2 75. Ra5+ Kf6 76. Ra6+ Kg5 77. g3
Ne1+ 78. Ke3 Rh2 79. Rg6+ Kh5 80. Rg8 Kh6 81. Nf5+ Kh7 82. Rg7+ Kh8 83. h4 Ng2+
84. Kf3 Nxh4+ 85. gxh4 Rxh4 86. Rg5 Ra4 1/2-1/2

[Event "Chicago Open"]
[Site "Chicago"]
[Date "2009.05.23"]
[Round "2.14"]
[White "Fiedler, Brian"]
[Black "Lein, Anatoly"]
[Result "1-0"]
[WhiteElo "2236"]
[BlackElo "2359"]
[PlyCount "73"]
[EventDate "2009.05.??"]
[SourceDate "2009.05.23"]

1. g3 d5 2. Bg2 c6 3. d3 Nf6 4. Nc3 e5 5. Nf3 Bd6 6. O-O O-O 7. e4 d4 8. Ne2
Ne8 9. Nh4 g6 10. Kh1 Ng7 11. Bh6 c5 12. Qe1 Nc6 13. a3 Be7 14. Nf3 Be6 15. Nd2
Qd7 16. f4 f6 17. Rf2 b5 18. Qf1 c4 19. f5 gxf5 20. Bxg7 Kxg7 21. exf5 Bd5 22.
g4 cxd3 23. cxd3 b4 24. Ng3 h6 25. Nde4 Rab8 26. h4 Kh8 27. Kg1 bxa3 28. bxa3
Rb3 29. Qd1 Rbb8 30. g5 hxg5 31. hxg5 Bxe4 32. gxf6 Bxf6 33. Qh5+ Kg7 34. Qg4+
Kf7 35. Qg6+ Ke7 36. Nxe4 Bh4 37. Qg7+ 1-0

[Event "Chicago Open"]
[Site "Chicago"]
[Date "2009.05.23"]
[Round "3.1"]
[White "Perelshteyn, Eugene"]
[Black "Sargissian, Gabriel"]
[Result "1/2-1/2"]
[WhiteElo "2599"]
[BlackElo "2760"]
[PlyCount "58"]
[EventDate "2009.05.??"]
[SourceDate "2009.05.23"]

1. d4 Nf6 2. c4 e6 3. Nc3 Bb4 4. g3 O-O 5. Bg2 d5 6. Nf3 dxc4 7. O-O Nc6 8. a3
Be7 9. e3 Na5 10. Qe2 Bd7 11. Ne5 c5 12. dxc5 Bxc5 13. Nxc4 Nxc4 14. Qxc4 Rc8
15. Bxb7 Rc7 16. Qa6 Qb8 17. Bf3 Rfc8 18. Rb1 Bc6 19. Bxc6 Rxc6 20. Qa4 Nd7 21.
Ne4 Ne5 22. b4 Bb6 23. Bb2 Nf3+ 24. Kg2 Rc4 25. Qd1 Nh4+ 26. gxh4 Rxe4 27. Qf3
Rxh4 28. Qg3 Qxg3+ 29. hxg3 Rhc4 1/2-1/2

[Event "Chicago Open"]
[Site "Chicago"]
[Date "2009.05.23"]
[Round "3.2"]
[White "Shabalov, Alexander"]
[Black "Antal, Gergely"]
[Result "1/2-1/2"]
[WhiteElo "2620"]
[BlackElo "2486"]
[PlyCount "86"]
[EventDate "2009.05.??"]
[SourceDate "2009.05.23"]

1. d4 Nf6 2. c4 g6 3. Nc3 d5 4. Qb3 dxc4 5. Qxc4 Bg7 6. e4 O-O 7. Be2 a6 8. Be3
b5 9. Qb3 Bb7 10. f3 e6 11. Nh3 Qe7 12. O-O Nbd7 13. Rac1 Rfc8 14. a4 c5 15.
dxc5 Nxc5 16. Qa3 Bf8 17. axb5 axb5 18. Qb4 Na4 19. Qxb5 Ba6 20. Qg5 Rxc3 21.
Rxc3 Bxe2 22. Ra1 Qd8 23. Rcc1 Be7 24. Qe5 Nd7 25. Qd4 Ndc5 26. Qxd8+ Rxd8 27.
b4 Nb3 28. Rxa4 Nxc1 29. Bxc1 Bb5 30. Ra5 Bc4 31. Be3 Rd1+ 32. Kf2 Bxb4 33.
Ra8+ Kg7 34. Kg3 Bd6+ 35. Bf4 e5 36. Be3 Rd3 37. Kf2 h6 38. Ra1 f5 39. exf5
gxf5 40. Rc1 Bd5 41. f4 Ra3 42. Rc2 Be4 43. Re2 exf4 1/2-1/2

[Event "Chicago Open"]
[Site "Chicago"]
[Date "2009.05.23"]
[Round "3.3"]
[White "Felecan, Florin"]
[Black "Sadvakasov, Darmen"]
[Result "0-1"]
[WhiteElo "2409"]
[BlackElo "2618"]
[PlyCount "64"]
[EventDate "2009.05.??"]
[SourceDate "2009.05.23"]

1. e4 c5 2. Nf3 d6 3. d4 cxd4 4. Nxd4 Nf6 5. Nc3 a6 6. Bc4 e6 7. Bb3 Nbd7 8. g4
Nc5 9. f3 b5 10. Be3 Bb7 11. Qe2 Rc8 12. O-O-O Qa5 13. Kb1 b4 14. Nd5 exd5 15.
exd5 Kd8 16. Nc6+ Bxc6 17. dxc6 Nxb3 18. cxb3 Rxc6 19. g5 Nd7 20. f4 Qb5 21.
Qf3 Be7 22. Rd5 Qb7 23. Rhd1 Rc7 24. f5 Re8 25. Qh5 Bf8 26. Bf4 Qc6 27. f6 Qc2+
28. Ka1 Re2 29. Qxe2 Qxe2 30. Bxd6 Bxd6 31. fxg7 Qe8 32. Rxd6 Qg8 0-1

[Event "Chicago Open"]
[Site "Chicago"]
[Date "2009.05.23"]
[Round "3.6"]
[White "Kacheishvili, Giorgi"]
[Black "Sharavdorj, Dashzeveg"]
[Result "1-0"]
[WhiteElo "2638"]
[BlackElo "2482"]
[PlyCount "59"]
[EventDate "2009.05.??"]
[SourceDate "2009.05.23"]

1. d4 Nf6 2. c4 g6 3. Nc3 Bg7 4. e4 d6 5. Nf3 O-O 6. Be2 e5 7. d5 a5 8. h3 Na6
9. Bg5 Qe8 10. Nd2 Nd7 11. Nb3 b6 12. g4 f6 13. Be3 Ndc5 14. Nxc5 Nxc5 15. Rg1
Kh8 16. Qd2 f5 17. gxf5 gxf5 18. O-O-O Bf6 19. Kb1 Bd7 20. Qc2 Nxe4 21. Nxe4
fxe4 22. Bg4 Bxg4 23. Rxg4 Rg8 24. Qxe4 Rxg4 25. hxg4 Qe7 26. Rh1 Rg8 27. Rh5
Rg7 28. Qf5 Qf7 29. Bh6 Rg8 30. g5 1-0